000 00558aam a2200229 4500
005 20230614162209.0
008 150716b2006 xxu||||| |||| 00| 0 spa d
041 _aESP
082 _a917.286 S731s
245 _aA Souvenir from Manuel Antonio
260 _aCosta Rica
260 _bJadine
260 _c2006
300 _a24 páginas
650 _aCOSTA RICA
_980400
650 _aPARQUES NACIONALES
_980401
650 _aMANUEL ANTONIO
_980402
650 _aPUNTARENAS
_980403
650 _aQUEPOS
_980404
650 _aFOTOS
_980405
942 _cBK
999 _c1802
_d1802